000 00881cab a2200289 4500
001 ABS55964
008 090401t1996 xxu||||| |||| 00| 0 eng d
035 _a(Sirsi) u20149
041 _aeng
245 _aShopping centre guide 1996
260 _c1996
300 _aLOAN
350 _a0
490 _aRetail Week
_vSupplement 25 October 1996, (44)
520 _aAs well as a regional list of shopping centres, articles on what makes a good shopping centre, the impact of the internet and a revival in the mall in the United States.
650 _aCRIBBS CAUSEWAY
650 _aINTERNET
650 _aLAKESIDE SHOPPING CENTRE
650 _aMETROCENTRE
650 _aRANKING
650 _aSHOPPING CENTRES
650 _aSHOPPING MALLS
650 _aUNITED STATES
690 _aPROPERTY-COMMERCIAL PROPERTY-RETAIL PROPERTY
942 _n0
948 _c04/03/1997
999 _c13500
_d13500